000 00664nam a2200289Ia 4500
005 20260324150358.0
008 008 260324s9999 xx 000 0 eng d
020 _a9780203042229
037 _aEBOOK
040 _aCRL
040 _beng
040 _cCRL
041 _2eng
041 _aeng
084 _qCRL
100 _aRoss W. McGregor
_91226214
245 0 _aKenya from Within
245 2 _bA Short Political History
260 _bTaylor and Francis
260 _c1968
365 _a
365 _b230
856 _uhttp://www.taylorfrancis.com/books/9780203042229
942 _cEBOOK
999 _c1835561
_d1835561